000 00701nam a2200241Ia 4500
003 OSt
005 20220918181840.0
006 a|||||r|||| 00| 0
007 ta
008 220917b |||||||| |||| 00| 0 eng d
024 _a28,873
037 _cTextual
040 _aARTS
_cARTS
_beng
041 _2eng
_aeng
082 _aO111,3M180gNR, M6
100 _aWallace Robert K
_959324
245 0 _aEmily Bronte and Beethoven
_b romantic equilibrium in fiction and music
260 _aAthens
_bUniv Of Georgia Press
_c1986
300 _aix,237p.
_ccm.
650 _aENGLISH LITERATURE
942 _hO111,3M180gNR, M6
_cTEXL
_2CC
999 _c167011
_d167011